[Event "77th LOTTO POL-ch 2020"]
[Site "Warsaw"]
[Date "2020.07.23"]
[Round "2.1"]
[White "Tomczak, Jacek"]
[Black "Sadzikowski, Daniel"]
[Result "1/2-1/2"]
[WhiteElo "2563"]
[BlackElo "2374"]
[Annotator "TA"]
[PlyCount "81"]
[EventDate "2020.07.21"]
[EventType "k.o."]
[EventCountry "POL"]
[SourceTitle "playchess.com"]
[Source "ChessBase"]
[SourceQuality "1"]

{[%evp 20,81,10,16,22,1,0,6,-3,18,27,0,0,0,11,0,0,0,0,0,0,0,0,0,0,0,0,0,12,0,65,57,64,79,63,68,55,67,71,64,36,53,89,81,88,82,108,77,99,94,108,38,35,31,25,13,2,0,0,0,0,0,0,0]} 1. e4 e5 2. Nf3 Nc6 3. Bb5 a6 4. Ba4 Nf6 5. O-O Be7 6. Re1 b5 7. Bb3 d6 8. c3 O-O 9. d4 Bg4 10. Be3 $1 {10.Be3 is better than 10.d5.} Bh5 11. Nbd2 exd4 {C91: Closed Ruy Lopez: 7...d6 8 c3 0-0 9 d4.} 12. cxd4 Na5 13. d5 c5 14. dxc6 {[#]} Rc8 $146 ({Predecessor:} 14... Nxc6 15. Nf1 Ne5 16. Ng3 Bg4 17. Qe2 a5 18. a3 g6 19. Red1 Nfd7 20. h3 Nxf3+ 21. gxf3 Bxh3 {½-½ (44) Mendl,M (2538)-Sasikiran,K (2548) ICCF email 2018}) 15. Rc1 Nxc6 16. Nf1 {[%cal Bd2f1,Bf1g3,Bg3f5,Bf5d6][%mdl 32]} Bg6 17. Nh4 Bxe4 18. Ng3 d5 19. Nhf5 Bb4 {...Bxf5 is the strong threat.} 20. Bd2 Bxd2 21. Qxd2 Bxf5 22. Nxf5 Kh8 $1 23. Qf4 Re8 24. Red1 $40 {[%mdl 128] And now Nd6 would win. White mounts an attack.} Re4 (24... Re6 $11) 25. Nd6 $14 Rxf4 26. Nxf7+ {[%mdl 64] [#] Double Attack} Kg8 27. Nxd8 Rxd8 28. Rxc6 a5 29. a3 a4 30. Ba2 b4 31. g3 Re4 {[#]} 32. Kf1 $1 Kf8 33. Rc5 bxa3 34. bxa3 Rb8 35. Rc2 ({Much weaker is} 35. Bxd5 $6 Re5 $11) (35. Ra5 $16) 35... Rb5 36. Rcd2 {[%cal Ra2d5]} Re5 37. Rd4 Rb2 {The position is equal.} 38. R1d2 Rxd2 39. Rxd2 Re7 40. Rd4 Rb7 41. Rd2 {Accuracy: White = 86%, Black = 89%.} 1/2-1/2

[Event "77th LOTTO POL-ch 2020"]
[Site "Warsaw"]
[Date "2020.07.23"]
[Round "2.1"]
[White "Piorun, Kacper"]
[Black "Krasenkow, Michal"]
[Result "1/2-1/2"]
[WhiteElo "2539"]
[BlackElo "2521"]
[Annotator "TA"]
[PlyCount "81"]
[EventDate "2020.07.21"]
[EventType "k.o."]
[EventCountry "POL"]
[SourceTitle "playchess.com"]
[Source "ChessBase"]
[SourceQuality "1"]

{[%evp 19,81,-2,0,0,2,0,0,0,0,-11,0,-16,-5,-24,-24,-24,-23,-24,-24,-24,-24,-24,-24,-24,-23,-25,-20,-20,-3,-2,0,0,0,0,0,0,0,0,0,0,0,0,12,12,20,20,20,20,164,161,1023,21,12,24,41,27,20,0,0,0,8,0,0,0]} 1. e4 e5 2. Nf3 Nc6 3. Bb5 a6 4. Ba4 Nf6 5. O-O Nxe4 6. d4 b5 7. Bb3 d5 8. Nxe5 Nxe5 9. dxe5 c6 10. c3 Bc5 11. Nd2 {C80: Open Ruy Lopez: Sidelines and 9 Nbd2.} Nxd2 12. Bxd2 Bf5 13. Qf3 Qd7 14. Be3 {[#]} Be7 $146 ({Predecessor:} 14... Bxe3 15. Qxe3 O-O 16. Rfe1 Rab8 17. f3 Rfe8 18. Qc5 Re6 19. Re3 Qe7 20. Qxe7 Rxe7 {½-½ (51) Petrosian,T-Teschner,R Oberhausen 1961}) 15. a4 O-O 16. Qe2 Qe6 17. f4 f6 18. axb5 axb5 19. Bd4 fxe5 20. Qxe5 Qxe5 21. Bxe5 Bd3 22. Rxa8 Rxa8 23. Rc1 Rf8 24. g3 g5 25. Kf2 gxf4 26. gxf4 Bc5+ 27. Kf3 Be4+ 28. Ke2 Rf5 29. Bc2 $1 Rh5 30. Bxe4 Rxh2+ 31. Kf3 {And now Bf5 would win.} Rf2+ 32. Kg4 dxe4 $11 {[%mdl 4096] Endgame KRB-KRB} 33. b4 Bb6 {[#]} (33... Bf8 $11) 34. Kf5 $1 $18 {[%mdl 1024] White has strong compensation.} e3 $2 {[#]} (34... Ra2) 35. Rg1+ $2 (35. Ke6 $1 $18 {Rg1+ would kill now.} h5 36. Rg1+ Kh7 37. Rg7+ Kh6 38. Rg8) 35... Kf7 $11 36. Rg7+ Kf8 {Hoping for ...e2.} 37. Ke6 Rh2 $1 38. Rf7+ {The position is equal.} Ke8 {aiming for ...e2.} 39. Rg7 {[%cal Rg7g8]} Kf8 {Strongly threatening ...e2.} 40. Rf7+ Ke8 {White must now prevent ...e2.} 41. Rg7 {Accuracy: White = 90%, Black = 81%.} 1/2-1/2

[Event "77th LOTTO POL-ch 2020"]
[Site "Warsaw"]
[Date "2020.07.23"]
[Round "2.1"]
[White "Heberla, Bartlomiej"]
[Black "Teclaf, Pawel"]
[Result "1-0"]
[WhiteElo "2527"]
[BlackElo "2360"]
[Annotator "TA"]
[PlyCount "71"]
[EventDate "2020.07.21"]
[EventType "k.o."]
[EventCountry "POL"]
[SourceTitle "playchess.com"]
[Source "ChessBase"]
[SourceQuality "1"]

{[%evp 12,71,57,56,59,63,54,65,72,43,80,87,83,75,174,179,176,172,312,292,292,271,260,165,157,163,147,110,101,96,163,156,241,224,219,228,243,241,357,357,365,364,353,358,337,310,704,704,666,596,638,645,762,715,29995,2456,2108,1990,1006,927,29965,29972]} 1. d4 Nf6 2. c4 b6 3. Nc3 Bb7 4. Nf3 e6 5. a3 g6 6. Qc2 Bxf3 7. exf3 Nc6 {E12: Queen's Indian: Unusual White 4th moves, 4 a3, 4 Nc3 Bb7 5 a3 and 4 Nc3 Bb7 .} 8. Be3 Bg7 9. O-O-O Ne7 {White is slightly better.} 10. g4 d5 11. h4 dxc4 {[#]} 12. Bxc4 $146 ({Predecessor:} 12. h5 Nfd5 13. Bxc4 Nxc3 14. Qxc3 c6 15. h6 Bf6 16. g5 Nd5 17. Bxd5 cxd5 18. Qc6+ {1-0 (42) Moiseenko,A (2642)-Rozentalis,E (2540) Netanya 2019}) 12... h5 {[#]} (12... Qd7 $16) 13. d5 $1 $18 {[%cal Rd5e6][%mdl 64] Decoy} Nfxd5 14. Nxd5 Nxd5 (14... exd5 $142 15. Bxd5 Nxd5 16. Qc6+ Kf8) 15. Bxd5 exd5 16. Qc6+ Kf8 17. Bg5 (17. Rxd5 Qe8 $14) (17. Qxd5 Qxd5 18. Rxd5 Re8 $11) 17... Qe8 18. Qxd5 c6 19. Qd6+ Kg8 20. Rhe1 $36 {[%mdl 2048] White is on the roll.} Qf8 (20... Qb8 $16) 21. Re7 hxg4 (21... c5 $16 {was necessary.} 22. Kb1 Rh7) 22. fxg4 Bh6 23. Rde1 Rd8 24. Qf6 (24. Qxc6 Bxg5+ 25. hxg5 Rc8 $16) 24... Rh7 (24... Rc8 {keeps fighting.} 25. Rxa7 Bxg5+ 26. hxg5 (26. Qxg5 Qh6 $16) 26... Rh3) 25. Bxh6 (25. Qxc6 Rc8 $14) 25... Qxh6+ 26. g5 Qf8 27. Kb1 ({And not} 27. Qxc6 Rc8 $11) ({Weaker is} 27. Rxa7 Rd6 $16) 27... Rc8 28. R1e4 ({Less strong is} 28. Rxa7 Rxh4 29. Ree7 Rh7 $16) 28... Rg7 $2 (28... b5 29. Rxa7 Qd8 30. Qxd8+ Rxd8) 29. f4 c5 30. Rd7 c4 31. Red4 Qc5 32. h5 {[#] Hoping for h6.} Rc6 33. Qd8+ (33. Rd8+ $142 Qf8 34. Rxf8+ Kh7 35. Rdd8 Rg8 36. Rxf7+ {[%mdl 64] Double Attack} Rg7 37. Rxg7#) 33... Kh7 34. hxg6+ Rcxg6 35. R7d5 Qc6 36. f5 {Accuracy: White = 75%, Black = 44%.} 1-0

[Event "77th LOTTO POL-ch 2020"]
[Site "Warsaw"]
[Date "2020.07.23"]
[Round "2.1"]
[White "Gajewski, Grzegorz"]
[Black "Dziuba, Marcin"]
[Result "1/2-1/2"]
[WhiteElo "2515"]
[BlackElo "2486"]
[Annotator "TA"]
[PlyCount "81"]
[EventDate "2020.07.21"]
[EventType "k.o."]
[EventCountry "POL"]
[SourceTitle "playchess.com"]
[Source "ChessBase"]
[SourceQuality "1"]

{[%evp 13,81,29,21,23,29,31,37,44,37,33,44,51,41,56,47,26,26,29,27,17,48,56,49,50,53,45,46,27,51,35,19,0,0,0,0,0,0,0,0,0,0,0,0,0,0,0,0,0,0,0,0,0,0,0,0,0,0,0,0,0,0,0,0,0,0,0,0,0,0,0]} 1. d4 d5 2. c4 dxc4 3. e4 e5 4. Nf3 exd4 5. Bxc4 Nc6 6. O-O Be6 7. Bb5 Bc5 8. b4 {D20: Queen's Gambit Accepted: 3 e3 and 3 e4.} Bb6 $1 9. a4 {Hoping for a5.} a6 10. Bxc6+ $1 {White is slightly better.} bxc6 11. Nbd2 Nf6 12. Ne5 Qd6 13. Nd3 {And now e5 would win.} Nd7 14. f4 {Black must now prevent a5.} f5 15. exf5 Bxf5 16. Re1+ {[#]} Kd8 $146 ({Predecessor:} 16... Kf8 17. Nc4 Qd5 18. Nxb6 cxb6 19. Bb2 h5 20. a5 b5 21. Qd2 Rh6 22. Rad1 Rd6 {½-½ (37) Mikhalchuk,V (2464)-Dobrica,D (2401) ICCF email 2017}) 17. Nc4 Qd5 18. Nxb6 cxb6 19. a5 b5 20. Bb2 Re8 21. Rxe8+ Kxe8 22. Qh5+ {The position is equal.} Kf8 {[#]} 23. Ne5 $1 {[%mdl 512]} Be4 (23... Nxe5 24. Qxf5+) 24. Nxd7+ Qxd7 25. Re1 Bf5 26. g4 Bxg4 27. Qxh7 {aiming for Qh8+.} Re8 28. Qh8+ {[#]} Kf7 $1 29. Qxe8+ Qxe8 30. Rxe8 Kxe8 31. Bxd4 $11 {[%mdl 4096] Endgame KB-KB} g6 32. Kf2 Kf7 33. Kg3 Bf5 34. Kh4 Ke6 35. Kg5 Bb1 36. Bc5 Be4 37. Kh6 Kf7 38. h4 Bb1 39. Bd4 Be4 40. Kg5 Ke6 41. Bc5 {Accuracy: White = 100%, Black = 96%.} 1/2-1/2

[Event "77th LOTTO POL-ch 2020"]
[Site "Warsaw"]
[Date "2020.07.24"]
[Round "2.2"]
[White "Krasenkow, Michal"]
[Black "Piorun, Kacper"]
[Result "1/2-1/2"]
[WhiteElo "2521"]
[BlackElo "2539"]
[Annotator "TA"]
[PlyCount "178"]
[EventDate "2020.07.21"]
[EventType "k.o."]
[EventCountry "POL"]
[SourceTitle "playchess.com"]
[Source "ChessBase"]
[SourceQuality "1"]

{[%evp 14,178,17,17,17,20,20,20,20,20,15,12,16,17,28,0,0,0,4,0,16,0,-7,-15,-16,-29,-8,-21,-14,-39,-21,-47,-5,-14,0,-11,0,-7,0,-4,0,0,18,17,16,12,41,29,13,0,0,0,0,-74,-69,-122,-86,-127,-120,-104,-110,-92,-79,-78,-73,-56,-52,-62,-65,-72,-31,-31,0,0,0,-10,-9,-13,-13,-28,-28,-28,-28,-59,-60,-170,-172,-210,-214,-223,-182,-1279,-1270,-1249,-1273,-1106,-1075,-916,-916,-1871,-416,-416,-416,-416,-416,-416,-416,-416,-416,-416,-416,-416,-416,-416,-416,-416,-416,-416,-416,-416,-416,-416,-416,-416,-416,-416,-416,-416,-416,-416,-416,-416,-416,-416,-416,-416,-416,-416,-416,-416,-416,-416,-416,-416,-28,-28,-28,-28,-28,-28,-28,-28,-28,-28,-28,-28,-28,-28,-28,-28,-28,-28,-28,-28,8,8,8]} 1. Nf3 Nf6 2. c4 e6 3. Nc3 d5 4. d4 Bb4 5. Bg5 h6 6. Bxf6 Qxf6 7. Qa4+ Nc6 8. e3 O-O {D38: Queen's Gambit Declined: Ragozin Defence (4 Nf3 Bb4).} 9. Rc1 Qg6 10. Qc2 Qxc2 11. Rxc2 Rd8 12. a3 Bf8 13. Nb5 Rd7 14. cxd5 exd5 15. Bd3 a6 16. Nc3 Rd8 17. Na4 Bd6 {[#]} 18. h3 $146 ({Predecessor:} 18. Ke2 g5 19. h3 Re8 20. b4 f5 21. Kd2 f4 22. Nc5 fxe3+ 23. fxe3 Ne7 24. e4 {½-½ (57) Asgharzadeh,M (2257)-Asgarizadeh,A (2416) Hamedan 2018}) 18... Ne7 19. g4 g6 20. Ne5 Kg7 21. Be2 Rb8 22. b4 f6 23. Nd3 Kf7 24. Bf3 Rh8 25. Nc3 c6 26. Kd2 Be6 27. a4 Nc8 {[%cal Be7c8,Bc8b6,Bb6d7][%mdl 32]} 28. Nc5 Nb6 29. Be2 Ke7 30. Ra1 Bf7 31. b5 (31. a5 {is interesting.} Nd7 32. h4 Rhg8 33. Rg1 f5 34. gxf5 gxf5 35. Rxg8 Bxg8 36. Rc1) 31... Bxc5 32. dxc5 Nd7 33. bxc6 (33. Rb1 $11 {keeps the balance.}) 33... bxc6 $17 34. Bxa6 (34. a5 $15) 34... Nxc5 {Strongly threatening ...Nb3+.} 35. Nxd5+ Kd6 36. Rxc5 Kxc5 37. Nxf6 {Hoping for Nd7+.} Rhd8+ 38. Ke1 Rb4 {[%mdl 1024] Black has strong compensation.} 39. a5 Kd6 40. f3 Kc7 41. Ne4 Rb2 42. Be2 Ra2 43. Rxa2 Bxa2 $11 {[%mdl 4096] Endgame KRB-KBN} 44. Nc3 Be6 45. h4 c5 46. f4 Ra8 47. a6 c4 48. e4 Rxa6 49. Kd2 ({White must play} 49. f5 $15 Bg8 50. Bf3) 49... Kd6 $19 50. e5+ Kc5 51. Bf3 Ra3 {aiming for ...Kb4.} 52. Kc2 $2 (52. Be4) 52... Kb4 53. Nd5+ {[#]} Bxd5 $1 54. Bxd5 {KR-KB} Rc3+ 55. Kb2 Re3 56. Bf7 {[#]} c3+ (56... g5 $142 $1 {[%mdl 512]} 57. fxg5 hxg5 58. hxg5 Rxe5) 57. Kc2 Re2+ 58. Kc1 {[#]} g5 $1 {[%mdl 512]} 59. hxg5 (59. fxg5 Re1+) 59... hxg5 60. fxg5 Rxe5 61. Bg6 {Now Bf5 and White clings on.} Rxg5 62. Bf5 Rg8 63. Kc2 Rd8 64. Bh7 Rd2+ 65. Kc1 Rg2 66. Bf5 Kc4 67. Kb1 Re2 {( -> ...Kb3)} 68. Bh7 Re8 69. Kc2 Rh8 70. Bf5 Rh2+ 71. Kc1 Kd4 72. Kd1 Rg2 73. Kc1 Ke3 74. Kd1 Ra2 75. Kc1 Kd4 76. Bh7 Re2 77. Bf5 Rg2 78. Kd1 c2+ $2 (78... Kc4 $19 {...Kb3 is the strong threat.} 79. Kc1 Kb4) 79. Bxc2 $11 Rxg4 80. Bf5 Rg5 81. Bh7 Ke3 82. Kc2 Rc5+ (82... Rg7 $5 83. Bf5 $8 Rc7+ 84. Kb3 Kd4 $11) 83. Kb3 Kd4 84. Bg6 Rc7 85. Bf5 Rg7 86. Kc2 Rg5 87. Bh7 Rg2+ 88. Kb3 Rc2 89. Kxc2 Ke5 {And White is the lucky defender. Accuracy: White = 84%, Black = 88%.} 1/2-1/2

[Event "77th LOTTO POL-ch 2020"]
[Site "Warsaw"]
[Date "2020.07.24"]
[Round "2.2"]
[White "Dziuba, Marcin"]
[Black "Gajewski, Grzegorz"]
[Result "1/2-1/2"]
[WhiteElo "2486"]
[BlackElo "2515"]
[Annotator "TA"]
[PlyCount "110"]
[EventDate "2020.07.21"]
[EventType "k.o."]
[EventCountry "POL"]
[SourceTitle "playchess.com"]
[Source "ChessBase"]
[SourceQuality "1"]

{[%evp 16,110,0,0,19,22,18,14,39,35,26,17,25,24,13,0,0,-41,-49,-83,14,-64,0,0,6,0,0,0,0,0,0,0,0,0,0,0,45,39,39,39,42,42,43,43,31,35,38,39,39,39,39,39,41,31,33,33,43,43,50,22,22,23,27,22,46,29,22,12,26,0,30,6,6,6,6,6,6,0,8,5,5,5,10,10,10,10,10,10,11,11,11,11,11,11,12,12,127]} 1. d4 Nf6 2. c4 e6 3. Nc3 Bb4 4. e3 O-O 5. Bd2 d5 6. Nf3 b6 7. cxd5 exd5 8. Bd3 Bb7 9. O-O Re8 {E52: Nimzo-Indian: Rubinstein: 4...0-0 5 Nf3 d5 6 Bd3 b6.} 10. Ne5 Nbd7 11. f4 Bxc3 12. Bxc3 {[#]} Ne4 $146 ({Predecessor:} 12... a6 13. Rc1 c5 14. Be1 Ne4 15. Qh5 Rf8 16. Nxd7 Qxd7 17. Bxe4 dxe4 18. dxc5 bxc5 19. Rxc5 Rac8 20. Rxc8 Rxc8 21. Bc3 Kh8 22. Rd1 Qe7 23. Qg4 Qf8 24. Rd7 Ba8 {1-0 (24) Abeln,M (2288)-Strasser,J (1984) Bad Wiessee 2003}) 13. Qh5 Qe7 14. Bxe4 dxe4 15. Nxd7 Qxd7 16. d5 f6 17. d6 Qf7 (17... Qxd6 $17 18. Rfd1 Qe6) 18. Qh4 (18. Qxf7+ $11 Kxf7 19. dxc7 (19. d7 Red8 $17)) 18... Rad8 ({Black should play} 18... cxd6 $15 19. a4 Rac8) 19. dxc7 $11 Qxc7 20. Rac1 {[#] Bxf6 is the strong threat.} Qf7 21. g4 Ba6 22. Rf2 Rd3 23. Qg3 Red8 24. f5 h6 25. h4 Qd5 ({Reject} 25... Qxa2 $6 26. g5 $16) 26. g5 Rd1+ 27. Rxd1 Qxd1+ 28. Kg2 Be2 $1 ({Don't blunder} 28... fxg5 $2 29. hxg5 h5 30. f6 $18) 29. gxf6 {[%csl Gc3,Gf6][%cal Rg3g7]} Bf3+ $1 30. Kh3 $1 {[%csl Gc3,Gf6][%cal Rg3g7]} Qh1+ 31. Qh2 Qxh2+ 32. Kxh2 gxf6 33. Bxf6 $14 {[%mdl 4096] Endgame KRB-KRB} Rf8 34. Bd4 Rxf5 35. Rc2 Rf7 36. Rc6 Kh7 37. Be5 h5 38. Kg3 Bg4 39. Bf4 Rd7 40. a4 Bd1 41. Rc4 Bf3 42. Rc6 Bd1 43. b4 Rg7+ {The position is equal.} 44. Kf2 Rg6 45. Rc7+ Rg7 46. Rc6 Rg6 47. Rc4 Bxa4 48. Rxe4 Rg2+ 49. Kxg2 Bc6 50. Kf3 Kg6 $1 51. b5 Bd5 52. Bb8 {aiming for Kf4.} Kf5 {[%mdl 64] [#] Pin} 53. Bxa7 Bxe4+ 54. Ke2 Bc2 55. Bxb6 Ke5 {Accuracy: White = 88%, Black = 85%.} (55... Ke4 $11) 1/2-1/2

[Event "77th LOTTO POL-ch 2020"]
[Site "Warsaw"]
[Date "2020.07.24"]
[Round "2.2"]
[White "Sadzikowski, Daniel"]
[Black "Tomczak, Jacek"]
[Result "1/2-1/2"]
[WhiteElo "2374"]
[BlackElo "2563"]
[Annotator "TA"]
[PlyCount "138"]
[EventDate "2020.07.21"]
[EventType "k.o."]
[EventCountry "POL"]
[SourceTitle "playchess.com"]
[Source "ChessBase"]
[SourceQuality "1"]

{[%evp 9,138,35,32,26,32,38,62,31,31,28,31,31,25,24,38,15,0,3,11,0,0,0,0,0,0,0,0,0,31,-8,0,0,-7,-20,-10,-26,14,7,22,0,0,0,0,0,0,0,0,-12,-5,-8,-6,-63,-51,-92,-91,-97,-100,-93,-93,-93,-100,-88,-91,-90,0,-93,-105,-109,-137,-135,-131,-316,-51,-54,-19,-84,-75,-70,-62,-95,-59,-67,-9,-8,0,0,0,0,0,0,0,0,0,0,0,0,0,0,0,0,0,0,0,0,0,0,0,0,0,0,0,0,0,0,0,0,0,0,0,0,0,0,0,0,0,0,0,0,0,0,0]} 1. e4 c5 2. Nc3 a6 3. Nge2 b5 4. d4 cxd4 5. Nxd4 Bb7 6. Bg5 {B28: Sicilian: 2 Nf3 a6 (O'Kelly Variation).} h6 7. Bh4 {[#]} Qb6 $146 ({Predecessor:} 7... Nc6 8. a4 b4 9. Nd5 Nf6 10. Bxf6 gxf6 11. Nxc6 Bxc6 12. Qd4 Bxd5 13. exd5 e5 {0-1 (44) Escobar Forero,A (2487)-Palit,S (2393) Barbera del Valles 2012}) 8. Nd5 {White is slightly better.} Bxd5 $1 9. exd5 {next a4 is good for White.} g5 10. Bg3 Bg7 $1 11. c3 {Black must now prevent Nf5.} Bxd4 $1 12. Qxd4 (12. cxd4 {looks sharper.} d6 13. a4 Qa5+ 14. Qd2 Qxd2+ 15. Kxd2 bxa4 16. h4) 12... Qxd4 13. cxd4 d6 $1 14. a4 bxa4 $1 15. h4 g4 $1 16. Rxa4 Nf6 17. Bb5+ {[%mdl 64] Pin} Kf8 18. O-O Kg7 19. Rc1 (19. Re1 $5 {[%cal Re1e7]} Nxd5 20. Bc4 $14) 19... Ra7 20. Be2 Rb7 21. Rc2 h5 22. f3 gxf3 23. Bxf3 Rb5 24. Be1 (24. Re2 {with more complications.} Nxd5 25. Bxd5 Rxd5 26. Rxe7 Rc8 27. Kh2) 24... Nxd5 25. Ra5 Rxa5 26. Bxa5 e6 27. Kf2 Kf6 28. Bxd5 exd5 $11 {[%mdl 4096] Endgame KRB-KRN} 29. Rc7 Ke6 30. b4 (30. Rc3 $11) 30... Rg8 31. Kf3 Nd7 32. Rc6 Nf6 $1 33. Rxa6 {Threatening b5.} Ne4 34. b5 Rg3+ 35. Kf4 Rxg2 36. b6 Rf2+ 37. Ke3 {Hoping for b7.} Rb2 38. Ra7 {[#]} Rb3+ $1 39. Kf4 f6 {( -> ...Nf2)} 40. Rc7 $2 {[#]} (40. Ra8 $17) 40... Nf2 $2 (40... Ng3 $1 $19 {[%cal Rg3e2]} 41. Rc2 Nf5) 41. Rc3 $15 Rb5 42. Re3+ (42. Rc8 $1 $11 {keeps the balance.}) 42... Ne4 43. Ra3 Rb2 44. Ra4 f5 45. Ke3 {Black should prevent Rb4.} Rb3+ ({Black should play} 45... Nf2 $1 $15) 46. Kf4 $11 {The position is equal.} Nf2 {[%cal Rf2h3]} 47. Kg5 Nd3 {Threatens to win with ...f4.} 48. Ra1 f4 49. Rf1 {And now Rf3 would win.} Rb5 50. Bd2 Rb2 51. Bxf4 Nxf4 52. Rxf4 Rxb6 53. Kxh5 {KR-KR} Rb8 54. Kg6 Rg8+ 55. Kh7 Rg1 56. h5 Rg2 57. h6 Rg1 58. Kh8 Rg5 59. Rf8 {Rg8 is the strong threat.} Rg6 60. h7 {aiming for Rg8.} Rg4 61. Rg8 Rxd4 62. Kg7 Rh4 63. h8=Q (63. Re8+ {is interesting.} Kf5 64. Rf8+ Ke4 65. Rf6 Rxh7+ 66. Kxh7 d4 67. Re6+) 63... Rxh8 64. Rxh8 {KR-KPP} (64. Kxh8 {seems wilder.} Ke5 65. Re8+ Kf4 66. Rb8 Ke4 67. Rb1) 64... Kf5 65. Kh6 d4 66. Rf8+ Ke4 67. Re8+ (67. Kg5 $5 {[%cal Rg5g4]} d3 68. Kh5 $11) 67... Kf3 68. Rd8 d3 69. Rxd6 Ke2 {Accuracy: White = 83%, Black = 85%.} 1/2-1/2

[Event "77th LOTTO POL-ch 2020"]
[Site "Warsaw"]
[Date "2020.07.24"]
[Round "2.2"]
[White "Teclaf, Pawel"]
[Black "Heberla, Bartlomiej"]
[Result "1/2-1/2"]
[WhiteElo "2360"]
[BlackElo "2527"]
[Annotator "TA"]
[PlyCount "156"]
[EventDate "2020.07.21"]
[EventType "k.o."]
[EventCountry "POL"]
[SourceTitle "playchess.com"]
[Source "ChessBase"]
[SourceQuality "1"]

{[%evp 20,156,16,30,42,35,24,25,47,30,14,18,26,38,58,53,42,44,59,39,42,39,50,45,52,27,37,0,26,0,25,15,22,13,18,6,0,0,0,0,6,0,0,0,42,38,121,114,119,114,116,116,161,103,99,92,114,102,122,127,114,114,106,107,116,74,85,45,116,85,85,69,85,0,66,6,69,30,30,25,26,27,49,49,62,50,51,51,61,61,64,64,63,66,65,57,57,57,57,57,59,59,60,57,59,59,81,0,60,68,54,62,68,68,64,42,317,317,29958,29957,12850,29942,12352,1768,639,0,9254,239,239,239,242,0,0,0,0,0,0,0,0]} 1. Nf3 d5 2. e3 Nf6 3. c4 e6 4. Nc3 c5 5. cxd5 exd5 6. d4 Nc6 7. Bb5 Bd6 8. dxc5 Bxc5 9. O-O O-O 10. b3 Bg4 11. Bb2 Bd6 {D32: Tarrasch Defence: Sidelines and lines without g3.} 12. Rc1 Rc8 13. Be2 Bb8 {White has an edge.} 14. Nd4 Qd6 {[%csl Gb8][%cal Rd6h2]} 15. g3 Bh3 16. Re1 {[#]} Qe7 $146 ({Predecessor:} 16... Rfd8 17. Nxc6 bxc6 18. Na4 Bc7 19. Qd4 Ba5 20. Red1 Qe7 21. a3 Rd6 22. b4 Bd8 {½-½ (35) Matlakov,M (2683)-Jakovenko,D (2752) Porto Carras 2018}) 17. Nxc6 bxc6 18. Qd4 Bd6 19. Bf3 Ba3 20. Na4 Bxb2 21. Qxb2 c5 22. Qc2 {[%cal Ra4c5]} c4 23. Qb2 cxb3 (23... Rfd8 {is more complex.} 24. Red1 Bg4 25. Be2 Bxe2 26. Qxe2 cxb3 27. Rxc8 Rxc8 28. axb3 Qe4) 24. Qxb3 (24. Nc3 {with more complications.} Qd7 25. Qxb3 Be6 26. Red1 d4 27. Qb1) 24... Be6 25. Nc3 {[%cal Rc3d5]} Rfd8 26. Qb2 Rb8 27. Qe2 d4 28. exd4 Rxd4 29. Nb5 Rd7 30. Bc6 Rdd8 31. Qe3 Qb4 32. Nc7 $36 {[%mdl 2048] White fights for an advantage.} ({Of course not} 32. Nxa7 Ng4 $15) 32... Qb6 (32... Bc4 $1 $14) 33. Nxe6 $16 Qxe3 34. Rxe3 fxe6 35. Rxe6 Rb2 36. Re7 (36. Ba4 $1 $18) 36... Rxa2 37. Bf3 {And now Rcc7 would win.} Ra3 38. Kg2 {aiming for Rcc7.} Kh8 39. Rcc7 Rg8 40. Rxa7 Rxa7 41. Rxa7 {[%mdl 4096] Endgame KRB-KRN} Rd8 42. g4 g5 43. h4 h6 (43... gxh4 $14 44. Rf7 Nd7) 44. Rf7 Rd6 45. Be2 Nd5 46. Bf3 (46. h5 $16) 46... Nf4+ ({Better is} 46... Nf6 $11) 47. Kh2 ({White should try} 47. Kg3 $14) 47... Rd2 (47... Kg8 $11 48. Rf5 Rd3) 48. hxg5 hxg5 49. Rf5 Rxf2+ 50. Kg3 Rb2 51. Rxg5 Ne6 52. Re5 Nf8 53. Be4 Kg7 54. g5 Kf7 55. Rf5+ Kg7 56. Ra5 Ne6 57. Ra7+ Kf8 58. g6 {Strongly threatening Rf7+.} Rb5 59. Rf7+ Kg8 60. Re7 Ng7 61. Kg4 Nh5 62. Bf5 {Intending Be6+ and mate.} Ng7 63. Be4 Nh5 $1 64. Rf7 Rb4 65. Kf3 {Hoping for Bd5.} Rb3+ 66. Kf2 $1 Rb8 67. Bf3 Ng7 $2 {[%mdl 8192]} (67... Rb5 $14) 68. Bd5 $18 {White wants to mate with Rb7+.} Kh8 $2 (68... Rb5 $18 69. Bc4 (69. Rf5+ Rxd5 70. Rxd5 Ne6 $14) 69... Rc5 70. Rf4+ Rxc4 71. Rxc4 Ne6) 69. Kf3 Rd8 70. Kg4 Re8 71. Rf6 (71. Ra7 $142 Re1 72. Kf3) 71... Rd8 72. Rf7 (72. Bb3 $142 Rb8 73. Bd5) 72... Re8 $1 73. Rf1 $2 (73. Ra7 Re5 74. Ra8+ Re8 75. Ra1) 73... Ne6 {[#]} 74. Kh5 $1 {Threatening mate with Rf7.} Rf8 {[#] Threatens to win with ...Ng7+.} 75. Rh1 $2 (75. Rf7 $1 $18 {[%cal Rf7h7]} Rxf7 76. gxf7) 75... Kg7 $11 {The position is equal.} 76. Kg4 Rf4+ 77. Kg3 Rf6 $1 78. Be4 Nf8 {Accuracy: White = 75%, Black = 74%.} 1/2-1/2